| 000 | 00421nam a22001577a 4500 | ||
|---|---|---|---|
| 003 | SGT | ||
| 020 | _a93545177665 | ||
| 082 |
_a615.10 _bR22K |
||
| 100 | _aKOKARE, CHANDRAKANT | ||
| 245 | _a A TEXT BOOK OF RESEARCH METHODOLOGY AND BIOSTATISTICS | ||
| 260 |
_aPUNE _bNIRALI PRAKASHAN _c2022 |
||
| 300 | _a11.6 | ||
| 650 | _aRESEARSH METHODOLOGY | ||
| 653 | _aRESEARCH , METHODOLOGY , BIOSTATISTICS | ||
| 942 |
_2ddc _cBK _04 |
||
| 999 |
_c27087 _d27087 |
||